India and the Middle East / (Record no. 92724)

MARC details
000 -LEADER
fixed length control field 00674nam a22002057a 4500
005 - DATE AND TIME OF LATEST TRANSACTION
control field 20230608152948.0
010 ## - LCCN (DPL NO)
LC control number ENG-112575 ENG-137106
020 ## - INTERNATIONAL STANDARD BOOK NUMBER
International Standard Book Number 9789381904077
Terms of availability 395.00
035 ## - SYSTEM CONTROL NUMBER
System control number EN-96107 EN-120638
037 ## - SOURCE OF ACQUISITION
Source of stock number/acquisition DBAD/PUB
082 ## - DEWEY DECIMAL CLASSIFICATION NUMBER
Classification number 327.54056
245 00 - TITLE STATEMENT
Title India and the Middle East /
Statement of responsibility, etc edited by Kingshuk Chatterjee
260 ## - PUBLICATION, DISTRIBUTION, ETC. (IMPRINT)
Place of publication, distribution, etc New Delhi
Name of publisher, distributor, etc KW Publishers
Date of publication, distribution, etc 2012
270 ## - ADDRESS
Address 4676/21, First Floor, Ansari Road, Daryaganj,
City New Delhi
Postal code 110002
300 ## - PHYSICAL DESCRIPTION
Extent 154p.
Dimensions 24cm(Hb)
500 ## - GENERAL NOTE
General note Includes bibliographical references.
520 ## - SUMMARY, ETC.
Summary, etc Contributed articles.
700 ## - ADDED ENTRY--PERSONAL NAME
Personal name Chatterjee, Kingshuk
942 ## - ADDED ENTRY ELEMENTS (KOHA)
Source of classification or shelving scheme Dewey Decimal Classification
Item type English Books
Call number suffix IND
Classification part 327.54056
Holdings
Withdrawn status Lost status Not for loan Collection code Home library Current library Date acquired Source of acquisition Cost, normal purchase price Full call number Barcode Copy number Cost, replacement price Koha item type
      Non-fiction Ashok Vihar Ashok Vihar 08/06/2023 DBAD/PUB 395.00 327.54056 IND EN-120638 1 395.00 English Books
      Non-fiction D.B.Act.Division D.B.Act.Division 06/04/2015 DBAD/PUB 395.00 327.54056 IND EN-96107 1 825.00 English Books

© Delhi Public Library
Hit Counter
free hit counter